| 000 | 00470nam a22001577a 4500 | ||
|---|---|---|---|
| 003 | OSt | ||
| 005 | 20221026052512.0 | ||
| 008 | 151103b xxu||||| |||| 00| 0 eng d | ||
| 020 | _a9781451146653 | ||
| 040 |
_cMMU _aMMU _beng _dMMU |
||
| 050 | _aRT41.T46 2014 | ||
| 100 | _4Hinkle L. Janice | ||
| 245 |
_aBrunner & Suddarth's Textbook of Medical-Surgical Nursing/ _cJanice L.Hinkle. |
||
| 260 |
_aLondon : _bLippincott Williams, _c2014. |
||
| 942 |
_2lcc _cLOAN LOAN _e13th ed. |
||
| 999 |
_c15622 _d15622 |
||